000 00917cam a2200289 a 4500
005 20260322212028.0
008 data
010 _a 83004255
020 _a0140039562 (pbk.) :
_c{dollar}6.95
020 _a9780140039566 (pbk.) :
_c{dollar}6.95
040 _aDLC
_cDLC
_dDLC
043 _anwtr---
050 1 0 _aPR9272.9.N3
_bC48 1983
082 0 0 _a823
_219
100 1 _aNaipaul, Shiva,
_d1945-
245 1 4 _aThe chip-chip gatherers /
_cShiva Naipaul.
260 _aNew York, N.Y., U.S.A. :
_aNew York, N.Y., U.S.A. :
_bPenguin Books,
_c1983, c1973.
300 _a319 p. ;
_c20 cm.
650 0 _aEast Indians
_zTrinidad and Tobago
_vFiction.
650 0 _aFathers and sons
_vFiction.
650 0 _aCommunity life
_vFiction.
651 0 _aTrinidad and Tobago
_vFiction.
655 7 _aHumorous stories.
_2gsafd
655 7 _aDomestic fiction.
_2lcsh
906 _a7
_bcbc
_corignew
_d1
_eocip
_f19
_gy-gencatlg
001 data
999 _c634
_d634